000 00442nam a2200169Ia 4500
005 20240913125434.0
008 240913s9999||||xx |||||||||||||| ||und||
041 _aENGLISH
082 _A621.382 P4
100 _aNICE
245 0 _aRecent trends in Communication Techniques Natcon `06
260 _c2006
_bNoorul Islam College of Engine
500 _aREFERENCE
650 _aCommunication
_bElectronics
942 _cREF
999 _c245546
_d245546